| 000 | 00500 a2200205 4500 | ||
|---|---|---|---|
| 003 | IN-BaIIA | ||
| 005 | 20260701122923.0 | ||
| 008 | 260701b |||||||| |||| 00| 0 eng d | ||
| 020 | _a978-0-00-838935-2 | ||
| 040 | _cIIA LIB | ||
| 080 |
_a524.8 _bCOH |
||
| 100 |
_aCohen, Andrew _949448 |
||
| 245 |
_aThe universe _cAndrew Cohen |
||
| 260 |
_aLondon _bWilliam collins _c2023 |
||
| 300 | _a272p. | ||
| 650 |
_aGalaxy _93368 |
||
| 650 |
_aBlack hole _920173 |
||
| 650 | _aStars | ||
| 942 |
_2udc _cBK |
||
| 999 |
_c36201 _d36201 |
||